| 000 | 00415nam a22001337a 4500 | ||
|---|---|---|---|
| 008 | 230605b xxu||||| |||| 00| 0 eng d | ||
| 020 | _a9966767142 | ||
| 082 |
_a330.6762 _bGOK |
||
| 245 |
_aEconomic Survey 2008 _cKenya National Bureau of Statistics |
||
| 260 |
_aNairobi _bKenya National Bureau of Statistics _c2008 |
||
| 300 | _a304 p | ||
| 710 |
_bKenya National Bureau of Statistics _cNairobi _d2008 |
||
| 942 |
_2ddc _cBK |
||
| 999 |
_c326 _d326 |
||